000 02016cam a2200385Ki 4500
001 7968398
003 ARRUPE
005 20140121135341.0
006 m d
007 cr bn||||||abp
007 cr bn||||||ada
008 100311s1871 enk ob 000 0 eng d
035 _a(OCoLC)ocn551666009
035 _a(OCoLC)551666009
040 _aOCLCE
_beng
_cOCLCE
_dOCLCQ
049 _aZCUA
050 4 _aBT20
_b.P75
082 0 4 _a230
100 1 _aPriestley, Joseph,
_d1733-1804.
_96810
245 1 2 _aA history of the corruptions of Christianity
_h[electronic resource] /
_cby Joseph Priestley.
250 _aReprinted from Rutt's ed., with notes :
_bto which are appended considerations in evidence that the apostolic and primitive church was Unitarian, extracted from Priestley's replies to Bishop Horsley, the bench of bishops, and others.
260 _aLondon :
_bBritish and Foreign Unitarian Association,
_c1871.
300 _a1 online resource (xvi, 336 p.)
500 _a"Seventh thousand."
504 _aIncludes bibliographical references.
506 _3Use copy
_fRestrictions unspecified
_2star
_5MiAaHDL
533 _aElectronic reproduction.
_b[S.l.] :
_cHathiTrust Digital Library,
_d2010.
538 _aMaster and use copy. Digital master created according to Benchmark for Faithful Digital Reproductions of Monographs and Serials, Version 1. Digital Library Federation, December 2002.
_uhttp://purl.oclc.org/DLF/benchrepro0212
583 1 _adigitized
_c2010
_hHathiTrust Digital Library
_lcommitted to preserve
_2pda
_5MiAaHDL
650 0 _aTheology, Doctrinal
_xHistory.
_96811
650 0 _aHeresies and heretics
_xHistory.
_96812
776 0 8 _iPrint version:
_aPriestley, Joseph, 1733-1804.
_tHistory of the corruptions of Christianity.
_bReprinted from Rutt's ed., with notes.
_dLondon : British and Foreign Unitarian Association, 1871
_w(OCoLC)2377482
856 4 0 _3HathiTrust Digital Library
_uhttp://catalog.hathitrust.org/api/volumes/oclc/2377482.html
942 _2lcc
_cMONOGRAPH
999 _c119612
_d119612